The world sorghum and millet economies: Facts, trends and outlook
This book reviews the current structire of the world economies of the two crops and analyses the supply and demand situations, both current and projected. It also examines the major constraints to production of sorghum and millet and policy options that could help increase the output and quality of...
Guardat en:
| Autor principal: | |
|---|---|
| Format: | Llibre |
| Idioma: | Undetermined |
| Publicat: |
Rome, Italy
FAO
1996
|
| Matèries: | |
| Etiquetes: |
Afegir etiqueta
Sense etiquetes, Sigues el primer a etiquetar aquest registre!
|
| Thư viện lưu trữ: | Trung tâm Học liệu Trường Đại học Cần Thơ |
|---|
| LEADER | 00884nam a2200193Ia 4500 | ||
|---|---|---|---|
| 001 | CTU_29855 | ||
| 008 | 210402s9999 xx 000 0 und d | ||
| 082 | |a 338.1 | ||
| 082 | |b W927 | ||
| 100 | |a FAO | ||
| 245 | 4 | |a The world sorghum and millet economies: Facts, trends and outlook | |
| 245 | 0 | |c FAO | |
| 260 | |a Rome, Italy | ||
| 260 | |b FAO | ||
| 260 | |c 1996 | ||
| 520 | |a This book reviews the current structire of the world economies of the two crops and analyses the supply and demand situations, both current and projected. It also examines the major constraints to production of sorghum and millet and policy options that could help increase the output and quality of these crops throughout the semi-arid tropics | ||
| 650 | |a agriculturre - economic aspects,farm produce,millet,sorghum | ||
| 904 | |i Minh, 990428 | ||
| 980 | |a Trung tâm Học liệu Trường Đại học Cần Thơ | ||